| 000 | 00410pab a2200157 454500 | ||
|---|---|---|---|
| 008 | 180718b2006 xxu||||| |||| 00| 0 eng d | ||
| 100 | _aSingh, W. Kumar | ||
| 245 | _aOverestimation of fertility rates in Manipur | ||
| 260 | _c2006 | ||
| 300 | _ap.1473-480. | ||
| 362 | _a15 Apr | ||
| 650 | _aFertility - India - Manipur | ||
| 650 | _aFertility | ||
| 773 | _aEconomic and Political Weekly | ||
| 909 | _a69496 | ||
| 999 |
_c69496 _d69496 |
||